000 00574nam a2200193 i 4500
001 147850
003 ES-MaACL
005 20260612132717.0
007 t|
008 071008s1961 sp ||||1| spa d
080 _a86-4"19"
100 1 _aUscatescu, Jorge,
_d1919-1995
_9112293
245 1 0 _aHombres y realidades de nuestro tiempo /
_cJorge Uscatescu ; prólogo de Vintila Horia.
260 _aMadrid :
_bRialp,
_c1961.
300 _a190 p. ;
_c18 cm.
700 1 _aHoria, Vintila (
_d1915-1992)
_964193
852 _aES-MaACL
_jC-20202
_bR.48587
999 _c147850
_d147850